000 00753nam a2200241Ia 4500
003 OSt
005 20220930065228.0
006 a|||||r|||| 00| 0
007 ta
008 220926b |||||||| |||| 00| 0 eng d
024 _a5318
037 _cTheses
040 _aCRL
_cCRL
_beng
041 _2eng
_aeng
100 _aMittal Monica
_9525598
110 _aUniversity of Delhi. Faculty of Science. Department of Anthropology
_9144926
245 0 _aErgonomic evaluation of lift postures interpostural and sex differences inthe koli labourers
260 _c1988
650 _aANTHROPOLOGY
700 _aUniversity of Delhi. Faculty of Science. Department of Anthropology
_9144928
942 _cDIS
_2CC
999 _c859270
_d859270